| 000 | 00581nam a22002057a 4500 | ||
|---|---|---|---|
| 999 |
_c190357 _d190357 |
||
| 005 | 20220722130621.0 | ||
| 010 | _ab-119084 | ||
| 020 |
_a8174780645 _c50.00 |
||
| 035 | _ab-110984 | ||
| 082 | _as | ||
| 100 | _aSubramaniam,Neela | ||
| 245 |
_aBirbal stories/ _cby Neela Subramaniam _hEN |
||
| 260 |
_aChennai _bSura Books pvt.ltd. |
||
| 270 |
_a1620 . 'J' Block 16th Main Road, Anna Nagar _bChennai _e600 040. _k26162173 , 26161099 |
||
| 300 |
_a164 p. _c18cm (pb) _bill; |
||
| 500 | _aShort stories | ||
| 700 | _927415 | ||
| 700 | _928228 | ||
| 942 |
_adpl _cCH _2ddc _mSUB _hS |
||